| 000 | 01048nam a2200301 a 4500 | ||
|---|---|---|---|
| 001 | 24548 | ||
| 003 | CO-ViMGA | ||
| 005 | 20230915232006.0 | ||
| 006 | bimo0000295431 | ||
| 008 | 141112s2004 ck r 000 u spa d | ||
| 016 | _abimoBNE19930204017 SIC92007604 SpMaBN | ||
| 020 | _a8471892855 | ||
| 035 | _a(OCoLC)776438016 | ||
| 040 |
_aCO-ViMGA _bspa _cCO-ViMGA |
||
| 080 | _a087.5 : 82 | ||
| 082 | 0 | 4 | _aI863.32 C37d |
| 245 | 1 | 0 | _aDon Quijote de la Mancha [Texto impreso] [Miguel de Cervantes Saavedra; direccion editorial Fernando J. Ortells Gonzalez ; ilustraciones Miguel Quesada Cerdan ; presentacion Juan Antonio Cabezas] |
| 260 | _aMadrid Alfredo Ortells [2006] | ||
| 300 | _a245 p. il. col. 24 cm | ||
| 650 | 1 | 4 |
_aLiteratura infantil _92746 |
| 650 | 1 | 4 |
_aNovela EspaƱola _9488 |
| 700 | 1 |
_aQuesada Cerdan, Miguel 1933 - , il. _936520 |
|
| 926 | _aBNMADRID SG_RECOLET 9/60486 FONDO_ANTI 1 | ||
| 927 | _aBNALCALA | ||
| 942 |
_2ddc _cBK |
||
| 956 | _a1 2 | ||
| 980 | _a852. 40 M - BN BNMADRID MO01877910 9/60486 DG SG_RECOLET | ||
| 999 |
_c32374 _d32374 |
||